Named Symphonies - Statistics

General Stats
  • This quiz has been taken 48 times
  • The average score is 16 of 22
Answer Stats
Composer and Number Name % Correct
Dvořák 9 From the New World
98%
Beethoven 3 Eroica
95%
Beethoven 6 Pastoral
95%
Mozart 41 Jupiter
88%
Schubert 8 Unfinished
86%
Tchaikovsky 6 Pathétique
81%
Mahler 2 Resurrection
81%
Beethoven 9 Choral
76%
Mendelssohn 4 Italian
74%
Haydn 94 Surprise
74%
Shostakovich 7 Leningrad
71%
Saint-Saëns 3 Organ
71%
Schubert 9 Great
69%
Haydn 104 London
69%
Mendelssohn 3 Scottish
69%
Mahler 1 Titan
69%
Mahler 8 Symphony of a Thousand
67%
Prokofiev 1 Classical
57%
Schumann 1 Spring
57%
Shostakovich 13 Babi Yar
55%
Mozart 36 Linz
45%
Schumann 3 Rhenish
45%
No matching quizzes found
Score Distribution
Percent of People with Each Score
Percentile by Number Answered
Your Score History
You have not taken this quiz